000 00808nam a2200241 a 4500
001 53692
003 BD-RjUL
005 20211209080014.0
008 161023s1965 pk ||||| |||| 00| 0 ben d
020 _c: PRs 1.50
035 _a(BD-RjUL)53814
040 _aBD-RjUL
_bben
_cBD-RjUL
041 _aben
082 _223
_a891.442
_bSAA 1965
100 _aশাইখ, আসকার ইবনে
_9126066
245 1 0 _aঅনেক তারার হাতছানি /
_cআসকার ইবনে শাইখ
250 _a১ম সং.
260 _aঢাকা :
_bবাংলা একাডেমী,
_c১৯৬৫
300 _a৭৮ পৃ. ;
_c২১ সেমি.
650 _aবাংলা নাটক
_9160456
650 _aBengali Drama
_9160457
942 _2ddc
_cBK
999 _c53692
_d53692